| 000 | 00689nam a22002057a 4500 | ||
|---|---|---|---|
| 999 |
_c20065 _d20065 |
||
| 003 | AR-CdUCM | ||
| 008 | 190525b ||||| |||| 00| 0 spa d | ||
| 040 |
_aMUNICIPALIDAD PROVINCIAL DEL CUSCO _cBIBLIOTECA MUNICIPAL DEL CUSCO |
||
| 082 |
_a985.6103 / _bM79 |
||
| 100 |
_aMorner, Magnus _94408 |
||
| 245 | _aPerfil de la sociedad rural del Cuzco a fines de la colonia / | ||
| 260 |
_aLima : _bUniversidad del Pacífico, _c1978. |
||
| 300 |
_a184 páginas ; _bIlustraciones, _c22 cm. |
||
| 505 | _aContenido: Época Colonial. | ||
| 650 |
_aEpoca Colonial _9380 |
||
| 650 |
_aCampesinos _94401 |
||
| 650 |
_aCondiciones sociales _91132 |
||
| 942 |
_2ddc _cLIBROS |
||
| 945 |
_adavv _d2019-05-25 |
||